000 00386nam a2200133Ia 4500
008 220217s9999||||xx |||||||||||||| ||und||
020 _a81-7808-577-1
082 _a621.395 WAK
100 _aWakerly, John, F
_92396
245 0 _aDigital design: principles and practice
260 _aPearson education asia
_bDelhi
_c2002
300 _b350
650 _aDIGITAL DESIGN/LOGIC DESIGN
999 _c168926
_d168926